000 00488nam a22001812 4500
001 0000001408
005 20170406113419.0
008 140110s xx 000 0 eng d
020 _c$
040 _aYour Holding Symbol
_cYour Holding Symbol
100 1 _aPalmberg,Mai.
245 1 4 _aThe struggle for Africa.
250 _a ed.
260 _alondon :
_bZed press,
_c1982.
300 _a286 p. :
_bill ;
_c cm.
650 0 _astruggle for Africa.
908 _a140110
999 _c1321
_d1321